000 00957nam a2200265Ia 4500
001 Para_2498
003 CHAP
008 220125s[198 xx 000 0 und d
010 _a201070
040 _cCHAP
090 _aPA FOLLETO 3023
110 _aMéxico. Dirección General de Sanidad y Protección Agropecuaria y Forestal
_977047
245 _aLaboratorio de cría y esterilización de mosca del mediterráneo = Mediterranean fruit fly reaning and sterilization laboratory /
_c por Dirección General de Sanidad y Protección Agropecuaria y Forestal
260 _aMéxico, D. F. :
_b La Dirección
300 _a28 p.
440 _aPrograma mosca del mediterráneo
_992329
650 _aMosca del mediterráneo Esterilidad de insectos
_9165931
901 _aPA FOLLETO 3023
902 _aA
905 _a000000[198-?] mx a 0000000000 00
910 _a[198
942 _cPARA
942 _cPARA
_d1
999 _c201070
_d201070